| 000 | 00630nam a2200241Ia 4500 | ||
|---|---|---|---|
| 003 | AR-RoIUNI | ||
| 005 | 20241122062838.0 | ||
| 008 | 150616s9999 xx 000 0 und d | ||
| 020 | _a0521628814 | ||
| 040 | _cIUNIR | ||
| 040 |
_dOCLC _cIUNIR |
||
| 080 | _a811.111 RIC | ||
| 100 | 1 | _aRichards, Jack C. | |
| 245 | 1 |
_aNew interchange 1 _bEnglish for international communication _pStudents book |
|
| 260 | _aCambridge | ||
| 260 | _bCambridge University Press | ||
| 260 | _c1997 | ||
| 300 |
_a105 p. _c28 cm. |
||
| 650 | 1 | 0 |
_aInglés _xLengua _9543 |
| 700 | 1 | _aHull, Jonathan | |
| 700 | 1 | _aProctor, Susan | |
| 942 |
_cBK _2cdu |
||
| 999 |
_c5006 _d5006 |
||